00523pab a2200169 454500008004000000100002100040245011000061260000900171300001500180362000800195650001600203650002100219650001400240650001400254650001800268773006700286180718b2010 xxu||||| |||| 00| 0 eng d aFlores, Nadia Y. aAssessing human capital transferability into the US labor market among Latino immigrants to the US states c2010 ap.196-204. aJul aImmigration aLabour migration aEducation aMigration aLabour market aAnnals of the American Academy of Political and Social Science